000 00276nam a22001217a 4500
008 181016b xxu||||| |||| 00| 0 eng d
041 _aeng
080 _a617
100 _a8
101 _aOFT
245 _aDiagnosis and Therapy of the Glaucomas
_cBecker,B
942 _2udc
_cBK
999 _c49843
_d49843